000 01116nam a2200277 i 4500
001 183549
003 ES-MaACL
005 20250804043115.0
008 140717s2013 sp | |||||||| |bspa d
020 _a978-84-7731-376-2
080 _a1 Savater, Fernando
100 1 _aNogueroles Jové, Marta.
_9155002
245 1 0 _aFernando Savater
_b: biografía intelectual de un "joven filósofo" /
_cMarta Nogueroles Jové ; prólogo de Fernando Savater.
260 _aMadrid :
_bEndymion,
_cD.L. 2013.
300 _a464 p. ;
_c20 cm.
490 1 _aEnsayos (Ediciones Endymion)
504 _aBibliografía: p. 379-462.
600 1 4 _aSavater, Fernando,
_d1947-
_xCrítica e interpretación
_9104055
700 1 _aSavater, Fernando,
_d1947-
_9104053
830 0 _aEnsayos (Ediciones Endymion)
_9176614
852 _aES-MaACL
_jA-13159
_9 190490
_bR.150021
_cDEPO1
_dOlim: N-6159
_gDedicatoria autógrafa de la autora
_hDonacion: de la autora Marta Nogueroles Jove
903 _9155002
_aNogueroles Jové, Marta
_ednr
942 _2udc
_cMONOGRAFIA
999 _c183549
_d183549